Szélesvásznú mozit kap Szeged rövidesen megkezdődnek a Szabadság Filmszínház átalakítási munkálatai

Elmentve itt :
Bibliográfiai részletek
Dokumentumtípus: Cikk
Megjelent: 1958-06-01
Sorozat:Délmagyarország
Kulcsszavak:Mozi Szeged 1958
Online Access:http://dmarchiv.bibl.u-szeged.hu/53793
LEADER 00475nab a2200145 i 4500
001 delm53793
005 20180927141917.0
008 180927s1958 hu o 0|| hun d
040 |a SZTE Délmagyarország Archívum  |b hun 
041 |a hun 
245 0 0 |a Szélesvásznú mozit kap Szeged   |h [elektronikus dokumentum] :  |b rövidesen megkezdődnek a Szabadság Filmszínház átalakítási munkálatai 
260 |c 1958-06-01 
300 |a 5 
490 0 |a Délmagyarország 
695 |a Mozi Szeged 1958